Score 0/26 Timer 04:00
2 Plays Today
It's Phrase It's Missing (alphabetical) % Correct
It's Now or _____Never
93.2%
It's _____!Alive
93%
It's about ____!Time
90.3%
It's not easy bein' _____Green
90.3%
It's the End of the _____ as We Know ItWorld (...and this quiz)
90.3%
It's raining, it's _______Pouring
90%
It's strictly ________Business
89.1%
It's in the ____Mail
88.7%
It's a _________ LifeWonderful
86.3%
It's ________!Superman
85.9%
It's my _____ and I'll cry if I want toParty
85.6%
It's Howdy _____ Time!Doody
84.5%
It's your ____Move
83.9%
It's Phrase It's Missing (alphabetical) % Correct
It's a _____ world after allSmall
83.3%
It's…. Monty Python's ______ CircusFlying
83.2%
It's a beautiful day in this ____________...Neighborhood
79.7%
It's Garry Shandling's ____.Show
75.6%
It's the Great _______Pumpkin
75.5%
It's a _______Miracle
75.5%
It's ____ Rock 'n Roll…Only
71.7%
It's only a _______Scratch
69.7%
It's __Me
68.7%
It's a little bit _____Funny
64.7%
It's a ______Living
61.9%
It's Not _______Unusual
60.3%
It's a ____!Trap
42%

Today's Daily Dose

You're not logged in!

Compare scores with friends on all Sporcle quizzes.
OR
Log In

Sporcle TV

Today on Sporcle TV


Watch our educational content, quiz creation guides, and fun videos on Sporcle TV.

Show Comments

Extras

Top Quizzes Today


Score Distribution

Paid Content

Your Account Isn't Verified!

In order to create a playlist on Sporcle, you need to verify the email address you used during registration. Go to your Sporcle Settings to finish the process.

Report this User

Report this user for behavior that violates our Community Guidelines.

Details: